Yoga para mi bienestar : rutinas de yoga, meditación y alimentación /
Salvato in:
| Autore principale: | |
|---|---|
| Natura: | Libro |
| Lingua: | spagnolo |
| Pubblicazione: |
Barcelona, España :
Grijalbo,
2018, c2018
|
| Soggetti: | |
| Tags: |
Nessun Tag, puoi essere il primo ad aggiungerne!!
|
MARC
| LEADER | 00000nam^a2200000^a^4500 | ||
|---|---|---|---|
| 001 | 000554900 | ||
| 005 | 20250521000000.0 | ||
| 009 | 20260310131707.145 | ||
| 020 | |a 978-84-18055-38-6 | ||
| 037 | |a Acervo ITESO - Biblioteca | ||
| 041 | |a ESP | ||
| 082 | |a 613. 7046 |b LAN | ||
| 100 | |a Lan, Xuan |e (autor) | ||
| 245 | 1 | 0 | |a Yoga para mi bienestar : |b rutinas de yoga, meditación y alimentación / |c X. Lan. |
| 264 | 4 | |a Barcelona, España : |b Grijalbo, |c 2018, c2018 | |
| 300 | |a 287 p. | ||
| 336 | |a texto |b txt |2 rdacontenido | ||
| 337 | |a sin mediación |b n |2 rdamedio | ||
| 338 | |a volumen |b nc |2 rdasoporte | ||
| 521 | |a FIL 2022 DIA | ||
| 649 | |a XX | ||
| 650 | |a Meditación | ||
| 650 | |a Postura Humana | ||
| 650 | |a Manejo del Estrés | ||
| 650 | |a Fuerza Muscular | ||
| 650 | |a Aptitud Física | ||
| 650 | |a Relajación | ||
| 650 | |a Yoga Hatha | ||
| 650 | |a Yoga - |x Tema Principal | ||
| 650 | |a Ejercicio Físico | ||
| 650 | |a Nutrición | ||
| 650 | |a Promoción de la Salud | ||
| 650 | |a Misticismo | ||
| 650 | |a Hinduismo | ||
| 650 | |a Filosofía Hindú | ||
| 650 | |a Filosofías Orientales | ||
| 650 | |a Espiritualidad | ||
| 910 | |a Fondo General | ||
| 920 | |a Impresos - Libros | ||
| 930 | |a Colección General | ||
| 905 | |a 101 | ||
| 901 | |a 0500388064 |b IT1 |c ACC |i C181081 |u 20250521 | ||
| 902 | |a https://opac.biblio.iteso.mx/vufind/Record/000554900 | ||